000 00268nam a2200097Ia 4500
082 _aJ 914.6 KENY
245 0 _aSpain : come on a journey of discovery
100 _a KENYON, John London, 2004
_973797
942 _cBK
008 210817s9999 xx 000 0 und d
999 _c242374
_d242374